000 00342nam a22001457a 4500
020 _a9781258256234
082 _a305.8 FRI
100 _aFriedlander Walter A.
245 _aConcepts and methods of Social Work
250 _a1st
260 _aNew Jersey
_bPrentice- Hall, Inc
_c1962
300 _a308
650 _aSocial Work
942 _cBK
999 _c19947
_d19947